Born in 1940 - Statistics

General Stats
  • This quiz has been taken 150 times
  • The average score is 12 of 23
Answer Stats
Hint Answer % Correct
Strawberry Fields John Lennon
87%
Michael Corleone Al Pacino
80%
Ditto, but Chinese, no beard Bruce Lee
78%
Best soccer player, like, ever Pelé
78%
Bearded actor w. martial arts background Chuck Norris
67%
Father of Moon Unit & Dweezil Frank Zappa
65%
Octopus’s Garden Ringo Starr
65%
Welsh singing heartthrob Tom Jones
63%
Who is a TV quiz host? Alex Trebek
56%
Bald Enterprise commander Patrick Stewart
56%
One Million Years B.C. in bikini Raquel Welch
52%
Best golfer, like, ever Jack Nicklaus
50%
…and the Miracles. Motown! Smokey Robinson
48%
Ital.-American race car champ Mario Andretti
42%
Chair-throwing basketball coach Bobby Knight
39%
Californian leader of U.S. House Dems. Nancy Pelosi
38%
Prominent gay congressman from Mass. Barney Frank
37%
Not-so-Teflon Don John Gotti
37%
Shot alongside Reagan James Brady
30%
Really wealthy Mexican, not fat Carlos Slim
27%
Cowboy-hatted radio host Don Imus
27%
Longtime Yankees manager Joe Torre
26%
South Dakotan news anchor Tom Brokaw
24%
No matching quizzes found
Score Distribution
Percent of People with Each Score
Percentile by Number Answered
Your Score History
You have not taken this quiz